| 000 | 00658nam a2200193Ia 4500 | ||
|---|---|---|---|
| 003 | GCL | ||
| 008 | 140319s9999 xx 000 0 ara d | ||
| 040 |
_aGCL / _cGCL |
||
| 082 | 0 | 4 |
_a869.03 _bد ن |
| 100 | 1 | _aدى كاسترو، جوزوية | |
| 245 | 1 | 0 |
_aالناس والسراطين : رواية برازيلية / _cدى كاسترو، جوزوية |
| 700 | 1 | _aنزية الحكيم | |
| 300 | _a146 ص | ||
| 490 |
_aمن ادب امريكا اللاتينية _v0 |
||
| 650 | 0 | 4 | _aالادب العالمى المترجم |
| 650 | 0 | 4 | _aالقصص البرازيلية |
| 650 | 0 | 4 | _aالادب البرازيلى المترجم |
| 942 |
_2ddc _cBK |
||
| 999 |
_c39942 _d39942 |
||